00257nam a2200097Ia 4500008004100000020001800041245002700059260003400086300001900120650002000139180309s9999 xx 000 0 und d a9789351154273 aOffice secretaryship / aUAE :b2015c3G elearning pub avii, 274 pages aOffice practice